000 00748nam a2200289Ia 4500
001 2848
005 20240113233558.0
007 ta
008 050310s2001 a g b000 u eng u
020 _a0-333-80395-7
040 _aCotton College,Assam
041 _aeng
082 _a824.09
_bGo 59 Dy
100 _aGoodby, John .
245 0 _aDylan Thomas /
_cJohn Goodby & Chris Wigginton.
_hTextual Documents
250 _a1st ed. /
260 _aLondon :
_bPalgrave ,
_c2001.
300 _a235p. :
_bill ;
_c21cm .
653 _aEnglish essays-Criticism
653 _aPG-English
653 _aPG-English
700 _aWigginton, Chris .
942 _2ddc
_cBK
999 _c2836
_d2836